| 000 | 01144nam2a2200301 4500 | ||
|---|---|---|---|
| 001 | RU\NLR\bibl\1098276 | ||
| 005 | 20250615054432.0 | ||
| 010 | _a5-93615-047-X | ||
| 010 |
_a5-93615-074-7 _bКн. 1 |
||
| 021 |
_aRU _b2007-31452 _91669 |
||
| 035 | _a(NLR Aleph) 001085382 | ||
| 090 |
_a1084707 _c1084707 |
||
| 100 | _a20070614d2007 |||y0rusy50 ca | ||
| 101 | 1 |
_arus _cfre |
|
| 102 | _aRU | ||
| 105 | _ay ||||||||| | ||
| 200 | 1 | _aГреческая философия | |
| 210 |
_d2007 _aБ. м. |
||
| 215 | _a252,[2] с. | ||
| 320 | _aБиблиогр. в подстроч. примеч. | ||
| 461 | 0 |
_1001RU\NLR\bibl\1147310 _12001#$aДиалог с Хайдеггером$v[Кн. 1] _91376493 _aБофре, Ж. _cСанкт-Петербург _d2007 _fЖан Бофре _nВладимир Даль _o[в 4 кн.] _tДиалог с Хайдеггером _v[Кн. 1] |
|
| 606 | 1 |
_aФилософия греческая _xИстория _zДревний период _92154288 _3RU\NLR\auth\661297048 |
|
| 686 | _aЮ3(0)321 | ||
| 801 | 0 |
_aRU _bNLR _c20070614 _gRCR |
|
| 801 | 1 |
_aRU _bNLR _c20070614 |
|
| 942 | _cBOOK | ||
| 980 | _aNB | ||